Performance of extended Order High Gain Observer for Filtering of Inertial Measurement Unit Data and Its Comparison with Kalman Filter (Record no. 524756)
[ view plain ]
| 000 -LEADER | |
|---|---|
| fixed length control field | 00583nam a22001697a 4500 |
| 003 - CONTROL NUMBER IDENTIFIER | |
| control field | NUST |
| 005 - DATE AND TIME OF LATEST TRANSACTION | |
| control field | 20231017110158.0 |
| 008 - FIXED-LENGTH DATA ELEMENTS--GENERAL INFORMATION | |
| fixed length control field | 190625b ||||| |||| 00| 0 eng d |
| 038 ## - RECORD CONTENT LICENSOR | |
| Staff Name | Mr. Zahoor |
| 082 ## - DEWEY DECIMAL CLASSIFICATION NUMBER | |
| Classification number | 621.3 |
| 100 ## - MAIN ENTRY--PERSONAL NAME | |
| Personal name | Narayan Longani |
| 9 (RLIN) | 15549 |
| 245 ## - TITLE STATEMENT | |
| Title | Performance of extended Order High Gain Observer for Filtering of Inertial Measurement Unit Data and Its Comparison with Kalman Filter |
| Statement of responsibility, etc. | Narayan Longani |
| 300 ## - PHYSICAL DESCRIPTION | |
| Extent | xii, 72 p. : ill. ; |
| Dimensions | 30 cm. |
| 500 ## - GENERAL NOTE | |
| General note | Hard Cover |
| 600 ## - SUBJECT ADDED ENTRY--PERSONAL NAME | |
| Source of heading or term | Electrical Enginering - MS Thesis |
| Personal name | Narayan Longani |
| 9 (RLIN) | 15549 |
| 942 ## - ADDED ENTRY ELEMENTS (KOHA) | |
| Source of classification or shelving scheme | |
| Koha item type | Thesis |
| Withdrawn status | Lost status | Source of classification or shelving scheme | Damaged status | Not for loan | Permanent Location | Current Location | Shelving location | Date acquired | Total Checkouts | Full call number | Barcode | Date last seen | Price effective from | Koha item type |
|---|---|---|---|---|---|---|---|---|---|---|---|---|---|---|
| Central Library (CL) | Central Library (CL) | Thesis | 06/25/2019 | 621.3 | CL-T-17 | 06/25/2019 | 06/25/2019 | Thesis |
